- Carrillo Prieto, Ignacio,
Entry Nombre Personal
001 - NUMERO DE CONTROL
- campo de control: 32320
003 - IDENTIFICADOR DE NUMERO DE CONTROL
- campo de control: UPN
005 - FECHA Y HORA DE LA ÜLTIMA TRANSACCIÓN
- campo de control: 20220328101519.0
008 - DATOS DE LONGITUD FIJA
- campo de control de longitud fija: nabaccnnaabn|||||||||| b |nc|||||d
010 ## - NÚMERO DE CONTROL DE LA BIBLIOTECA DEL CONGRESO
- Número de control LC: n 80087282
024 7# - OTROS IDENTIFICADORES NORMALIZADOS
- Fuente: isni
- Número normalizado o código: 000000007986520X
024 7# - OTROS IDENTIFICADORES NORMALIZADOS
- Fuente: viaf
- Número normalizado o código: 21915040
024 7# - OTROS IDENTIFICADORES NORMALIZADOS
- Fuente: unam
- Número normalizado o código: 730123
035 ## - NUMERO DE CONTROL
- Número de control: MX011000006624
040 ## - FUENTE DE CATALOGACIÓN
- Lenguaje de catalogación: spa
- Agencia de transcripción: MXMxUNAM
- Agencia original de catalogación: MXMxUNAM
- Agencia que lo modifica: MXMxUNAM
- Description conventions: rda
046 ## - FECHAS CON CODIFICACIÓN ESPECIAL
- Fecha de nacimiento: 19470612
100 1# - ENCABEZAMIENTO - NOMBRE PERSONAL
- Nombre personal: Carrillo Prieto, Ignacio,
- Fechas asociadas con el nombre: 1947-
370 ## - LUGAR ASOCIADO
- Associated country: México
371 ## - DIRECCIÓN
- Address: Circuito Mario de la Cueva s/n, Ciudad Universitaria, Coyoacán
- City: Ciudad de México
- Postal code: 04510
- Electronic mail address: icarrillop@hotmail.com
372 ## - CAMPO DE ACTIVIDAD
- Fuente del término: lcsh
- Field of activity: Derecho--Filosofía
373 ## - GRUPO ASOCIADO
- Associated group: Universidad Nacional Autónoma de México. Instituto de Investigaciones Jurídicas
374 ## - OCUPACIÓN
- Occupation: Investigador
374 ## - OCUPACIÓN
- Occupation: Profesor universitario
374 ## - OCUPACIÓN
- Occupation: Abogado
375 ## - GÉNERO
- Gender: masculino
377 ## - LENGUA ASOCIADA
- Language code: spa
400 1# - VEÁSE - NOMBRE DE PERSONA
- Personal name: Prieto, Ignacio Carrillo,
- Dates associated with a name: 1947-
670 ## - FUENTE EN LA QUE SE LOCALIZARON DATOS
- Cita de la fuente: T
- Uniform Resource Identifier: http://www.revistadelauniversidad.unam.mx/ojs_rum/index.php/rum/article/view/2449/3636
670 ## - FUENTE EN LA QUE SE LOCALIZARON DATOS
- Cita de la fuente: El personal académico en la legislación universitaria, 1976:
- Información localizada: portada (Ignacio Carrillo Prieto)
670 ## - FUENTE EN LA QUE SE LOCALIZARON DATOS
- Cita de la fuente: Instituto de Investigaciones Jurídicas, UNAM, 23 marzo 2009:
- Uniform Resource Identifier: http://www.coord-hum.unam.mx/frame.asp?url=http://www.iih.unam.mx
- Información localizada: directorio (Ignacio Carrillo Prieto; Investigador, IIJ, UNAM. Grado de Licenciado)
670 ## - FUENTE EN LA QUE SE LOCALIZARON DATOS
- Cita de la fuente: Biblioteca del Congreso (Estados Unidos), 23 marzo 2009 año:
- Información localizada: catálogo electrónico (encabezamiento: Carrillo Prieto, Ignacio)
670 ## - FUENTE EN LA QUE SE LOCALIZARON DATOS
- Cita de la fuente: Instituto de Investigaciones Jurídicas, sitio web, 13 febrero 2017:
- Uniform Resource Identifier: https://www.juridicas.unam.mx/investigador/perfil/ignacio
- Información localizada: (Dr. Carrillo Prieto, Ignacio; Investigador titular "C" de tiempo completo; icarrillop@hotmail.com)
670 ## - FUENTE EN LA QUE SE LOCALIZARON DATOS
- Cita de la fuente: Cuestiones jurídico-políticas de la Ilustración, 2011:
- Información localizada: solapa delantera (Ignacio Carrillo Prieto, researcher at the UNAM Instituto de Investigaciones Jurídicas. Professor in the theory and philosophy of law at UNAM)
670 ## - FUENTE EN LA QUE SE LOCALIZARON DATOS
- Cita de la fuente: En el sitio web Junta de Gobierno UNAM, consultado marzo 28, 2022:
- Uniform Resource Identifier: http://www.juntadegobierno.unam.mx/ex-miembros/92-ignacio-carrillo-prieto.html
- Información localizada: Ignacio Carrillo Prieto (Nació en la Ciudad de México el 12 de junio de 1947. [...] Ha enfocado su actividad profesional en dos direcciones, por un lado, en las instituciones formadoras de recursos humanos como la UNAM; el Instituto Nacional de Ciencias Penales; el Programa Nacional de Capacitación Penitenciaria y la Dirección General de Tratamiento y Prevención de Menores. Por otro, su actividad como abogado en temas penales y de seguridad pública. Estuvo también al frente de la Dirección General Jurídica de la Policía General de la República. Es autor de 18 libros y coautor de dos más. Ha publicado 14 ensayos y tiene actualmente 5 antologías en proceso de edición sobre temas relacionados con la penitenciaria y el derecho. Desde 1992 es miembro del Comité Editorial de la Revista Mexicana de Sociología del Instituto de Investigaciones Sociales de la UNAM.)
680 ## - NOTA PUBLICA DE ACCESO PÚBLICO
- Frase explicativa de la referencia: Filósofo y abogado mexicano
902 ## - CATALOGADOR
- Catalogador: CAA/070812
